000 01264nam a2200265 i 4500
001 212811
035 _a(OCoLC)1139012172
999 _c212811
_d212811
003 ES-MaBCM
005 20231005062553.0
008 200109t2019 sp ||||| |||| 00| 0 spa d
017 _aB.17686-2019
020 _a978-84-306-2261-0
040 _cES-MaBCM
100 1 _aArendt, Hannah
_92182
_d (1906-1975)
245 1 3 _aLa pluralidad del mundo
_b: antología
_cHannah Arendt ; edición de Andreu Jaume
250 _a1ª ed.
260 _aBarcelona :
_bTaurus ,
_c2019
300 _a471 p. ;
_c24 cm
490 _aClásicos radicales
520 _aHannah Arendt, la gran pensadora del siglo XX, es sin duda fundamental para afrontar los desafíos del XXI. Abordó todas las cuestiones clave de su tiempo, desde el antisemitismo hasta el totalitarismo, los orígenes de la democracia, la crisis de la autoridad, los fundamentos de la educación y la estética o el problema del mal en la modernidad. Toda su obra está sintetizada en esta antología esencial e imprescindible.
650 7 _aFilosofía política
_958711
700 1 _9123851
_aJaume, Andreu
856 _uhttp://mpr.orex.es/cgi-bin/koha/opac-retrieve-file.pl?id=ef0e35a6be238589894e20de229f9747
_yAcceso al índice
942 _cBK
_2udc